The choice / (Record no. 208883)
[ view plain ]
| 000 -LEADER | |
|---|---|
| fixed length control field | 03817cgm a2200745Ii 4500 |
| 001 - CONTROL NUMBER | |
| control field | ocn948308105 |
| 003 - CONTROL NUMBER IDENTIFIER | |
| control field | OCoLC |
| 005 - DATE AND TIME OF LATEST TRANSACTION | |
| control field | 20160504092754.0 |
| 007 - PHYSICAL DESCRIPTION FIXED FIELD--GENERAL INFORMATION | |
| fixed length control field | vd cvaizq |
| 008 - FIXED-LENGTH DATA ELEMENTS--GENERAL INFORMATION | |
| fixed length control field | 160429s2016 cau111 e vleng d |
| 040 ## - CATALOGING SOURCE | |
| Original cataloging agency | GZK |
| Language of cataloging | eng |
| Description conventions | rda |
| Transcribing agency | GZK |
| Modifying agency | BDX |
| -- | TEF |
| -- | JP3 |
| -- | UINTA |
| 024 1# - OTHER STANDARD IDENTIFIER | |
| Standard number or code | 031398241201 |
| 028 42 - PUBLISHER NUMBER | |
| Publisher number | 48716 |
| Source | Lionsgate |
| 035 ## - SYSTEM CONTROL NUMBER | |
| System control number | (OCoLC)948308105 |
| 041 1# - LANGUAGE CODE | |
| Language code of text/sound track or separate title | eng |
| -- | spa |
| -- | eng |
| -- | spa |
| Language code of original and/or intermediate translations of text | eng |
| 050 #4 - LIBRARY OF CONGRESS CALL NUMBER | |
| Classification number | PN1997.2 |
| Item number | .C46 2016 |
| 082 04 - DEWEY DECIMAL CLASSIFICATION NUMBER | |
| Classification number | 791.43/72 |
| Edition number | 23 |
| 049 ## - LOCAL HOLDINGS (OCLC) | |
| Holding library | UCLB |
| 245 04 - TITLE STATEMENT | |
| Title | The choice / |
| Statement of responsibility, etc | Lionsgate presents a Nicholas Sparks Productions and The Safran Company production ; produced by Nicholas Sparks, Peter Safran and Theresa Park ; screenplay by Bryan Sipe ; directed by Ross Katz. |
| 264 #1 - Production, Publication, Distribution, Manufacture, and Copyright Notice. | |
| Place of production, publication, distribution, manufacture | Santa Monica, California : |
| Name of producer, publisher, distributor, manufacturer | Lions Gate Entertainment, Inc., |
| Date of production, publication, distribution, manufacture, or copyr | [2016] |
| 264 #4 - Production, Publication, Distribution, Manufacture, and Copyright Notice. | |
| Date of production, publication, distribution, manufacture, or copyr | �2016 |
| 300 ## - PHYSICAL DESCRIPTION | |
| Extent | 1 videodisc (approximately 111 min.) : |
| Other physical details | sound, color ; |
| Dimensions | 4 3/4 in. |
| 336 ## - Content Type | |
| Content type term | two-dimensional moving image |
| 337 ## - Media type | |
| Media type term | video |
| 338 ## - Carrier type | |
| Carrier type term | videodisc |
| 344 ## - | |
| -- | digital |
| -- | optical |
| -- | surround |
| -- | Dolby digital 5.1 |
| -- | rda |
| 346 ## - | |
| -- | NTSC |
| -- | rda |
| 347 ## - | |
| -- | video file |
| -- | DVD video |
| -- | region 1 |
| -- | rda |
| 380 ## - | |
| -- | Motion picture |
| 538 ## - SYSTEM DETAILS NOTE | |
| System details note | DVD, 16x9 widescreen (2.40:1) presentation; Dolby digital 5.1, NTSC, region 1. |
| 546 ## - LANGUAGE NOTE | |
| Language note | English or Spanish dialogue; Spanish subtitles; subtitled for the deaf and hard of hearing; English descriptive audio. |
| 500 ## - GENERAL NOTE | |
| General note | Title from disc surface. |
| 508 ## - CREATION/PRODUCTION CREDITS NOTE | |
| Creation/production credits note | Music by Marcelo Zarvos; film editor, Joe Klotz; director of photography, Alar Kivilo. |
| 511 1# - PARTICIPANT OR PERFORMER NOTE | |
| Participant or performer note | Benjamin Walker, Teresa Palmer, Maggie Grace, Tom Welling, Alexandra Daddario, Tom Wilkinson. |
| 500 ## - GENERAL NOTE | |
| General note | Based on the novel by Nicholas Sparks. |
| 500 ## - GENERAL NOTE | |
| General note | Originally released as a motion picture in 2016. |
| 500 ## - GENERAL NOTE | |
| General note | Special features: Deleted scenes; Cinematic choices: making The Choice; Nicholas Sparks with...; Choosing home: Nicholas Sparks and North Carolina; Molly & Moby: Choice dogs; Natalia Safran's "Daylight" music video; Audio commentary with director Ross Katz and actor Benjamin Walker. |
| 521 8# - TARGET AUDIENCE NOTE | |
| Target audience note | Rating: PG-13; for sexual content and some thematic issues. |
| 520 ## - SUMMARY, ETC. | |
| Summary, etc | Travis is a fun-loving, smooth-talking bachelor who's never considered a serious relationship--until he falls hard for his beautiful new neighbor, Gabby. But when fate threatens Travis and Gabby's love, Travis must make a choice that will alter their lives forever in this unforgettably moving romance. |
| 650 #0 - SUBJECT ADDED ENTRY--TOPICAL TERM | |
| Topical term or geographic name as entry element | Man-woman relationships. |
| 655 #7 - INDEX TERM--GENRE/FORM | |
| Genre/form data or focus term | Feature films. |
| Source of term | lcgft |
| 655 #7 - INDEX TERM--GENRE/FORM | |
| Genre/form data or focus term | Romance films. |
| Source of term | lcgft |
| 655 #7 - INDEX TERM--GENRE/FORM | |
| Genre/form data or focus term | Film adaptations. |
| Source of term | lcgft |
| 655 #7 - INDEX TERM--GENRE/FORM | |
| Genre/form data or focus term | Video recordings for the hearing impaired. |
| Source of term | lcgft |
| 655 #7 - INDEX TERM--GENRE/FORM | |
| Genre/form data or focus term | Video recordings for people with visual disabilities. |
| Source of term | lcgft |
| 700 1# - ADDED ENTRY--PERSONAL NAME | |
| Personal name | Katz, Ross, |
| Dates associated with a name | 1971- |
| Relator term | film director. |
| 700 1# - ADDED ENTRY--PERSONAL NAME | |
| Personal name | Sparks, Nicholas, |
| Relator term | film producer. |
| 700 1# - ADDED ENTRY--PERSONAL NAME | |
| Personal name | Safran, Peter, |
| Dates associated with a name | 1965- |
| Relator term | film producer. |
| 700 1# - ADDED ENTRY--PERSONAL NAME | |
| Personal name | Park, Theresa, |
| Relator term | film producer. |
| 700 1# - ADDED ENTRY--PERSONAL NAME | |
| Personal name | Sipe, Bryan, |
| Relator term | screenwriter. |
| 700 1# - ADDED ENTRY--PERSONAL NAME | |
| Personal name | Walker, Benjamin, |
| Dates associated with a name | 1982- |
| Relator term | actor. |
| 700 1# - ADDED ENTRY--PERSONAL NAME | |
| Personal name | Palmer, Teresa, |
| Dates associated with a name | 1986- |
| Relator term | actor. |
| 700 1# - ADDED ENTRY--PERSONAL NAME | |
| Personal name | Grace, Maggie, |
| Dates associated with a name | 1983- |
| Relator term | actor. |
| 700 1# - ADDED ENTRY--PERSONAL NAME | |
| Personal name | Welling, Tom, |
| Dates associated with a name | 1977- |
| Relator term | actor. |
| 700 1# - ADDED ENTRY--PERSONAL NAME | |
| Personal name | Daddario, Alexandra, |
| Dates associated with a name | 1986- |
| Relator term | actor. |
| 700 1# - ADDED ENTRY--PERSONAL NAME | |
| Personal name | Wilkinson, Tom, |
| Dates associated with a name | 1948- |
| Relator term | actor. |
| 700 1# - ADDED ENTRY--PERSONAL NAME | |
| -- | Motion picture adaptation of (work): |
| Personal name | Sparks, Nicholas. |
| Title of a work | Choice. |
| 710 2# - ADDED ENTRY--CORPORATE NAME | |
| Corporate name or jurisdiction name as entry element | Lions Gate Entertainment (Firm), |
| Relator term | publisher. |
| 710 2# - ADDED ENTRY--CORPORATE NAME | |
| Corporate name or jurisdiction name as entry element | Nicholas Sparks Productions, |
| Relator term | production company. |
| 710 2# - ADDED ENTRY--CORPORATE NAME | |
| Corporate name or jurisdiction name as entry element | Safran Company, |
| Relator term | production company. |
| 730 02 - ADDED ENTRY--UNIFORM TITLE | |
| -- | Container of (work): |
| Uniform title | Choice (Motion picture) |
| 730 02 - ADDED ENTRY--UNIFORM TITLE | |
| -- | Container of (expression): |
| Uniform title | Choice (Motion picture). |
| Language of a work | Spanish. |
| 938 ## - | |
| -- | Brodart |
| -- | BROD |
| -- | 115580409 |
| 994 ## - | |
| -- | C0 |
| -- | UINTA |
| Withdrawn status | Lost status | Source of classification or shelving scheme | Damaged status | Not for loan | Collection code | Home library | Current library | Shelving location | Date acquired | Source of acquisition | Total Checkouts | Total Renewals | Full call number | Barcode | Date last seen | Date checked out | Cost, replacement price | Price effective from | Koha item type |
|---|---|---|---|---|---|---|---|---|---|---|---|---|---|---|---|---|---|---|---|
| Dewey Decimal Classification | Movies | Wasatch County Library | Wasatch County Library | Audio Visual Area | 10/27/2021 | Donation | 10 | 10 | DVD Cho | 34301001884073 | 01/28/2026 | 01/14/2026 | 5.99 | 10/27/2021 | DVD |
